| 000 | 00705nam a22001817a 4500 | ||
|---|---|---|---|
| 999 |
_c18648 _d18648 |
||
| 003 | AR-CdUCM | ||
| 008 | 190514b ||||| |||| 00| 0 spa d | ||
| 040 |
_aMUNICIPALIDAD PROVINCIAL DEL CUSCO _cBIBLIOTECA MUNICIPAL DEL CUSCO |
||
| 082 |
_a343.273 / _bW84 |
||
| 100 |
_aWolfe, Christopher _939358 |
||
| 245 | _aLa transformación de la interpretación constitucional / | ||
| 260 |
_aMadrid : _bCivitas, _c1991. |
||
| 300 |
_a515 páginas ; _c21 cm. |
||
| 505 | _aLa interpretacion contitucional en sus origenes -- John Marshall y la interpretación consttucional -- control juridico --La era de transición... | ||
| 650 |
_aInterpretación contitucional. _939359 |
||
| 942 |
_2ddc _cLIBROS |
||
| 945 | _awfj | ||